[Event "XXVII Coppa d'Oro"]
[Site "Villa Guardia ITA"]
[Date "2009.10.31"]
[Round "5"]
[White "Corti, Filippo"]
[Black "Boffi, Luigi"]
[Result "1-0"]
[WhiteElo "1708"]
[BlackElo "1621"]
[PlyCount "83"]
[EventDate "2009.10.09"]

1. Nf3 c6 2. g3 d5 3. Bg2 Nf6 4. d3 Bg4 5. h3 Bh5 6. b3 e6 7. Bb2 Be7 8. O-O
O-O 9. Nbd2 h6 10. Ne5 Nfd7 11. Ndf3 Nxe5 12. Nxe5 f6 13. Nf3 e5 14. e4 Bf7 15.
Qe2 Na6 16. Rad1 d4 17. Nh4 Qd7 18. Nf5 Bg6 19. Qg4 Bxf5 20. exf5 Nb4 21. Bc1
Kh8 22. a3 Na2 23. f4 Nxc1 24. Rxc1 Bxa3 25. Rce1 exf4 26. Rxf4 Rae8 27. Be4
Bd6 28. Rf2 Qc7 29. Rg2 c5 30. Qf3 b5 31. g4 c4 32. h4 cxd3 33. cxd3 Qc3 34.
Rf1 Qxb3 35. g5 Rxe4 36. Qxe4 Be5 37. gxh6 gxh6 38. Kh1 a5 39. Rg6 Kh7 40. Qb7+
Rf7 41. Qg2 Kh8 42. Rg8+ 1-0

[Event "XXVII Coppa d'Oro"]
[Site "Villa Guardia ITA"]
[Date "2009.10.31"]
[Round "5"]
[White "Ghelfi, Giancarlo"]
[Black "Lotti, Riccardo"]
[Result "1-0"]
[WhiteElo "1682"]
[BlackElo "1356"]
[PlyCount "71"]
[EventDate "2009.10.09"]

1. e4 c6 2. Nf3 d5 3. Nc3 dxe4 4. Nxe4 Bf5 5. Ng3 Qa5 6. Nxf5 Qxf5 7. Bd3 Qe6+
8. Qe2 Qxe2+ 9. Bxe2 e6 10. d4 Bd6 11. O-O Nf6 12. c4 c5 13. Rd1 O-O 14. h3 Nc6
15. Be3 b6 16. dxc5 Bxc5 17. Bxc5 bxc5 18. Rd6 Rac8 19. Rad1 Ne4 20. Rd7 Nf6
21. Rb7 Rfd8 22. Rxd8+ Rxd8 23. Rc7 Nd4 24. Nxd4 cxd4 25. Rxa7 d3 26. Bxd3 h6
27. Bc2 g6 28. c5 Rc8 29. b4 Nd5 30. a3 Nc3 31. Ba4 Rd8 32. Bd7 Rb8 33. c6 Nb5
34. Rb7 Ra8 35. Rxb5 Rxa3 36. c7 1-0

[Event "XXVII Coppa d'Oro"]
[Site "Villa Guardia ITA"]
[Date "2009.10.31"]
[Round "5"]
[White "Moioli, Ferruccio"]
[Black "Giaracuni, Claudio"]
[Result "0-1"]
[WhiteElo "1599"]
[BlackElo "1771"]
[PlyCount "86"]
[EventDate "2009.10.09"]

1. e4 e6 2. d4 d5 3. e5 c5 4. c3 Nc6 5. Bb5 Qb6 6. Bxc6+ Qxc6 7. Nf3 Qb6 8. O-O
cxd4 9. cxd4 Ne7 10. Ng5 Nf5 11. Nf3 Be7 12. b3 Bd7 13. Nc3 Rc8 14. Ne2 Bb5 15.
Re1 Bb4 16. Bd2 Bxe2 17. Qxe2 O-O 18. Bxb4 Qxb4 19. Red1 Rc3 20. g4 Ne7 21. Qd2
Rfc8 22. Rac1 a5 23. Rxc3 Qxc3 24. Kg2 Qxd2 25. Rxd2 Rc3 26. Ne1 Nc6 27. Rc2
Rxc2 28. Nxc2 f6 29. f4 fxe5 30. fxe5 Nb4 31. Nxb4 axb4 32. Kg3 Kf7 33. Kf4 Kg6
34. h3 h5 35. h4 b6 36. Kf3 hxg4+ 37. Kxg4 Kh6 38. h5 g5 39. hxg6 Kxg6 40. Kf4
Kh5 41. Kg3 Kg5 42. Kf3 Kf5 43. Ke3 Kg4 0-1

[Event "XXVII Coppa d'Oro"]
[Site "Villa Guardia ITA"]
[Date "2009.10.31"]
[Round "5"]
[White "Pede, Lucio"]
[Black "Cairoli, Camillo"]
[Result "0-1"]
[WhiteElo "1943"]
[BlackElo "1955"]
[PlyCount "58"]
[EventDate "2009.10.09"]

1. e4 c5 2. Nc3 d6 3. Nge2 Nf6 4. d4 cxd4 5. Nxd4 a6 6. Bd3 b5 7. Bd2 e6 8. Qf3
Bb7 9. Nce2 Nbd7 10. Nb3 Nc5 11. Ng3 Nxd3+ 12. cxd3 Rc8 13. O-O Be7 14. Rac1
O-O 15. Rxc8 Qxc8 16. Rc1 Qd7 17. Qd1 Rc8 18. Na5 Ba8 19. Rc2 Bd8 20. Qc1 Rxc2
21. Qxc2 h5 22. h3 Bb6 23. Nb3 Qc7 24. Qd1 d5 25. Nxh5 Nxh5 26. Qxh5 dxe4 27.
dxe4 Bxe4 28. Bc3 Qg3 29. Qg4 Qxf2+ 0-1

[Event "XXVII Coppa d'Oro"]
[Site "Villa Guardia ITA"]
[Date "2009.10.31"]
[Round "5"]
[White "Rossi, Silio"]
[Black "Napolitano, Matteo"]
[Result "1-0"]
[WhiteElo "1583"]
[BlackElo "1437"]
[PlyCount "117"]
[EventDate "2009.10.09"]

1. b4 e5 2. Bb2 Bxb4 3. Bxe5 Nf6 4. c3 d6 5. Bg3 Ba5 6. h3 Bb6 7. e3 Bf5 8. Na3
Ne4 9. Bh2 Qf6 10. Nb1 Bg6 11. Nf3 Nd7 12. Be2 O-O-O 13. O-O Rhe8 14. Bc4 Bf5
15. Nd4 Be6 16. Nxe6 fxe6 17. Bd3 Ndc5 18. Bc2 Ng5 19. Bf4 h6 20. Qg4 Kb8 21.
Bxg5 hxg5 22. a4 a6 23. d4 Nd7 24. a5 Ba7 25. Ba4 Rh8 26. f4 Rh4 27. Qxg5 Qxg5
28. fxg5 b5 29. axb6 Nxb6 30. Bc6 Nc4 31. Rf2 e5 32. Rfa2 a5 33. Bd5 Nxe3 34.
Rxa5 Nxd5 35. Rxa7 Nb6 36. Nd2 exd4 37. Nf3 Rh5 38. Nxd4 Kc8 39. Ne6 Rd7 40.
Rf1 Kb8 41. Ra2 Re7 42. Rf8+ Nc8 43. Nd8 Re3 44. Rb2+ Nb6 45. Rb3 Rh4 46. Nc6+
Kb7 47. Na5+ Ka6 48. Rf5 Ra4 49. Kf2 Ree4 50. Nc6 Re8 51. Nb4+ Kb7 52. Nd5 Ra6
53. Rf7 Ra2+ 54. Kf3 Kc6 55. Nxb6 cxb6 56. Rxg7 Rf8+ 57. Kg3 Raf2 58. Rh7 Rg8
59. Kxf2 1-0

[Event "XXVII Coppa d'Oro"]
[Site "Villa Guardia ITA"]
[Date "2009.11.07"]
[Round "6"]
[White "Cairoli, Camillo"]
[Black "Colombo, Alberto"]
[Result "1/2-1/2"]
[WhiteElo "1955"]
[BlackElo "2080"]
[PlyCount "81"]
[EventDate "2009.10.09"]

1. e4 e6 2. d4 d5 3. Nc3 dxe4 4. Nxe4 Nf6 5. Bg5 Be7 6. Nxf6+ gxf6 7. Bf4 b6 8.
Qf3 c6 9. O-O-O Bb7 10. Qg3 Bf8 11. Nf3 Na6 12. c3 Qd5 13. Kb1 O-O-O 14. c4 Qh5
15. c5 Nb4 16. a3 Qf5+ 17. Ka1 Nd5 18. Bb8 Bh6 19. Bd3 Qh5 20. Bxa7 Bf4 21. Qh4
Qxh4 22. Nxh4 b5 23. g3 Bh6 24. Rhe1 Kc7 25. Be4 Ra8 26. Bxd5 Rxa7 27. Bb3 b4
28. a4 Ba6 29. Bc2 Bc4 30. b3 Bd5 31. Kb2 Bg7 32. Be4 Bxe4 33. Rxe4 f5 34. Ree1
Rd8 35. Nf3 Kb8 36. Kc2 Rad7 37. Ne5 Bxe5 38. dxe5 Rd5 39. f4 Rxc5+ 40. Kb2
Rcd5 41. Rxd5 1/2-1/2

[Event "XXVII Coppa d'Oro"]
[Site "Villa Guardia ITA"]
[Date "2009.11.07"]
[Round "6"]
[White "Corti, Filippo"]
[Black "Cervini, Gian Piero"]
[Result "1-0"]
[WhiteElo "1708"]
[BlackElo "1767"]
[PlyCount "69"]
[EventDate "2009.10.09"]

1. Nf3 Nf6 2. g3 g6 3. Bg2 Bg7 4. d4 O-O 5. O-O d6 6. c4 c6 7. Nc3 Nbd7 8. e4
e5 9. d5 Nc5 10. Qe2 cxd5 11. cxd5 Nh5 12. Be3 b6 13. Bxc5 bxc5 14. Nd2 a5 15.
Nc4 Ba6 16. b3 f5 17. exf5 Rxf5 18. Bh3 Rg5 19. Be6+ Kh8 20. Ne4 Nf4 21. Qe3
Nxe6 22. dxe6 Rf5 23. Nexd6 Bxc4 24. Nxc4 Qe7 25. Rad1 a4 26. Nd6 Rf6 27. Nf7+
Kg8 28. Nxe5 Rxe6 29. f4 Bxe5 30. fxe5 Rxe5 31. Qd2 Re2 32. Qd5+ Kg7 33. Qxa8
Rxa2 34. Rde1 Qd7 35. Qf8# 1-0

[Event "XXVII Coppa d'Oro"]
[Site "Villa Guardia ITA"]
[Date "2009.11.07"]
[Round "6"]
[White "Giaracuni, Claudio"]
[Black "Zuccoli, Maurizio"]
[Result "1-0"]
[WhiteElo "1771"]
[BlackElo "1856"]
[PlyCount "51"]
[EventDate "2009.10.09"]

1. d4 d5 2. Nf3 c6 3. Bf4 Nf6 4. e3 Qb6 5. b3 Bf5 6. Bd3 Bxd3 7. Qxd3 e6 8. O-O
Nbd7 9. Ne5 Rc8 10. c4 Nxe5 11. Bxe5 dxc4 12. bxc4 Nd7 13. Bg3 c5 14. Nc3 Bd6
15. Rfb1 Qc6 16. Bxd6 Qxd6 17. Rxb7 Ne5 18. Nb5 Qd8 19. Qb3 cxd4 20. Nxa7 dxe3
21. Qb5+ Kf8 22. Qxe5 exf2+ 23. Kh1 Qd3 24. Qf4 f6 25. Nxc8 Qe2 26. Qd6+ 1-0

[Event "XXVII Coppa d'Oro"]
[Site "Villa Guardia ITA"]
[Date "2009.11.07"]
[Round "6"]
[White "Grassetto, Gilberto"]
[Black "Ghelfi, Giancarlo"]
[Result "1-0"]
[WhiteElo "1881"]
[BlackElo "1682"]
[PlyCount "89"]
[EventDate "2009.10.09"]

1. d4 Nf6 2. c4 g6 3. Nc3 Bg7 4. e4 d6 5. f3 O-O 6. Be3 e5 7. d5 c6 8. Bd3 cxd5
9. cxd5 Nbd7 10. Nge2 Nc5 11. Bc2 a5 12. O-O Ne8 13. a4 f5 14. Qd2 f4 15. Bxc5
dxc5 16. Rfd1 Nd6 17. b3 b6 18. Bd3 Bd7 19. Nc1 g5 20. Qe2 Rf6 21. N1a2 Rg6 22.
Kh1 g4 23. Nb5 gxf3 24. gxf3 Nxb5 25. Bxb5 Rh6 26. Bxd7 Qxd7 27. Nc3 Kh8 28.
Nb5 Rg8 29. Rg1 Bf8 30. Rxg8+ Kxg8 31. Rg1+ Kh8 32. Rg4 Rg6 33. h3 Be7 34. Qg2
Kg7 35. Rxg6+ hxg6 36. Qg4 Qxg4 37. hxg4 Kf7 38. Kg2 Ke8 39. Kf2 Kd7 40. Ke2
Bh4 41. Kd3 Bd8 42. Kc4 Be7 43. Na7 Kc7 44. Kb5 Bd6 45. Ka6 1-0

[Event "XXVII Coppa d'Oro"]
[Site "Villa Guardia ITA"]
[Date "2009.11.07"]
[Round "6"]
[White "Lotti, Riccardo"]
[Black "Pede, Lucio"]
[Result "0-1"]
[WhiteElo "1356"]
[BlackElo "1943"]
[PlyCount "56"]
[EventDate "2009.10.09"]

1. Nf3 c5 2. g3 d5 3. d3 Nc6 4. Bg2 Nf6 5. O-O Bd7 6. Nbd2 Qc8 7. c3 Bh3 8. Re1
Bxg2 9. Kxg2 h5 10. h4 e5 11. e4 d4 12. Qa4 Be7 13. cxd4 cxd4 14. Nxe5 Kf8 15.
Nxc6 Qxc6 16. Qxd4 Ng4 17. f3 Bc5 18. Qc3 Ne3+ 19. Kh2 Nc2 20. Rf1 Nxa1 21. Qe5
Nc2 22. Nc4 Nd4 23. Be3 Re8 24. Qf4 Ne6 25. Bxc5+ Qxc5 26. Qd2 Rd8 27. d4 Qxc4
28. Qa5 Qxd4 0-1

[Event "XXVII Coppa d'Oro"]
[Site "Villa Guardia ITA"]
[Date "2009.11.07"]
[Round "6"]
[White "Napolitano, Matteo"]
[Black "Moioli, Ferruccio"]
[Result "0-1"]
[WhiteElo "1437"]
[BlackElo "1599"]
[PlyCount "132"]
[EventDate "2009.10.09"]

1. d4 g6 2. e4 d6 3. Nc3 Bg7 4. Be3 Nf6 5. f3 a6 6. a4 Bd7 7. Bd3 Nc6 8. Nge2
O-O 9. O-O Nh5 10. Nd5 e6 11. Ndc3 Qe7 12. d5 Ne5 13. Qd2 c5 14. Nf4 Nf6 15.
Be2 Rfe8 16. g4 h6 17. Ng2 g5 18. Kh1 exd5 19. Nxd5 Nxd5 20. Qxd5 Bc6 21. Qd2
Ng6 22. c4 Qe5 23. b3 Qb2 24. Qxb2 Bxb2 25. Rad1 Rad8 26. Rf2 Re6 27. Bxc5 Be5
28. Be3 Kf8 29. Rd3 Rf6 30. Bd4 Bxe4 31. Bxe5 Nxe5 32. Rd4 Bxf3 33. h3 Bxg2+
34. Rxg2 Nf3 35. Rd3 Ne1 36. Rgg3 Nxd3 37. Bxd3 Re8 38. Bf5 Rd8 39. Rd3 b6 40.
Rd5 Ke7 41. Rd3 h5 42. Re3+ Kf8 43. Rd3 hxg4 44. hxg4 d5 45. cxd5 Rfd6 46. Be4
Ke7 47. Kg2 Kf6 48. Kf3 Rh8 49. Kg2 Ke5 50. Bf3 Rhd8 51. Kg3 Rxd5 52. Re3+ Kf6
53. Bxd5 Rxd5 54. Rf3+ Ke6 55. Re3+ Re5 56. Rc3 Kd5 57. Rf3 Re7 58. Rd3+ Kc5
59. Rc3+ Kb4 60. Rf3 b5 61. axb5 Kxb5 62. Rf5+ Kb4 63. Rf3 Rb7 64. Rf6 a5 65.
Rf5 Rb5 66. Rxf7 Kxb3 0-1

[Event "XXVII Coppa d'Oro"]
[Site "Villa Guardia ITA"]
[Date "2009.11.07"]
[Round "6"]
[White "Raineri, Pieroberto"]
[Black "Larghi, Riccardo"]
[Result "0-1"]
[WhiteElo "1677"]
[BlackElo "1864"]
[PlyCount "57"]
[EventDate "2009.10.09"]

1. Nf3 c5 2. c4 Nf6 3. Nc3 e6 4. g3 b6 5. Bg2 Bb7 6. O-O Be7 7. d4 cxd4 8. Nxd4
Bxg2 9. Kxg2 Qc7 10. Qd3 a6 11. e4 d6 12. b3 Nbd7 13. f3 Rc8 14. Rd1 O-O 15.
Be3 b5 16. Ncxb5 axb5 17. Nxb5 Qc6 18. Na7 Qb7 19. Nxc8 Rxc8 20. a4 Ne5 21. Qe2
Qxb3 22. Rab1 Qc3 23. Rdc1 Qa5 24. f4 Neg4 25. Bd2 Qa8 26. h3 Nxe4 27. Qf3 Nxd2
28. Qxa8 Rxa8 29. Rc2 0-1

[Event "XXVII Coppa d'Oro"]
[Site "Villa Guardia ITA"]
[Date "2009.11.14"]
[Round "7"]
[White "Cervini, Gian Piero"]
[Black "Napolitano, Matteo"]
[Result "0-1"]
[WhiteElo "1767"]
[BlackElo "1437"]
[PlyCount "58"]
[EventDate "2009.10.09"]

1. e4 c5 2. c3 d5 3. exd5 Qxd5 4. Nf3 e6 5. d4 cxd4 6. cxd4 Nf6 7. Nc3 Bb4 8.
Qa4+ Nc6 9. Bb5 Bxc3+ 10. bxc3 Bd7 11. Ba3 Qe4+ 12. Be2 Nd5 13. Rc1 Nf4 14. Rc2
Nxe2 15. Rxe2 Qb1+ 16. Qd1 Qxd1+ 17. Kxd1 Rc8 18. Rhe1 Na5 19. Bb4 Ba4+ 20. Kd2
Nc4+ 21. Kd3 Bb5 22. Kc2 Ba4+ 23. Kb1 a5 24. Bc5 b6 25. Bxb6 Nxb6 26. Rb2 Nc4
27. Rbe2 Rb8+ 28. Ka1 O-O 29. Re4 Na3 0-1

[Event "XXVII Coppa d'Oro"]
[Site "Villa Guardia ITA"]
[Date "2009.11.14"]
[Round "7"]
[White "Colombo, Alberto"]
[Black "Giaracuni, Claudio"]
[Result "1-0"]
[WhiteElo "2080"]
[BlackElo "1771"]
[PlyCount "95"]
[EventDate "2009.10.09"]

1. d4 d5 2. Nf3 c6 3. e3 Bf5 4. b3 e6 5. Bb2 Nf6 6. Nbd2 Bd6 7. Be2 O-O 8. O-O
Qc7 9. c4 b6 10. Rc1 Ne4 11. h3 Qe7 12. cxd5 cxd5 13. Nxe4 Bxe4 14. Ne5 f6 15.
Nd3 Nd7 16. Qd2 Rfc8 17. f4 Qf8 18. Bg4 f5 19. Be2 Bxd3 20. Bxd3 Bb4 21. Qe2
Rxc1 22. Rxc1 Rc8 23. Qd1 Qd8 24. Ba6 Rc7 25. Rc2 Bd6 26. Qc1 Rxc2 27. Qxc2 Qc7
28. Qxc7 Bxc7 29. Bc8 Nf8 30. Ba3 g6 31. Bxf8 Kxf8 32. Bxe6 Bd6 33. Bxd5 Bb4
34. g4 Kg7 35. Kf2 Bd2 36. Be6 Kf6 37. Bc8 h5 38. gxh5 gxh5 39. Ke2 Bc1 40. Bb7
h4 41. Kf3 Bd2 42. Bc8 Bb4 43. Ba6 Bd6 44. Bd3 Bc7 45. e4 fxe4+ 46. Bxe4 Bd6
47. Bd3 a5 48. Ke4 1-0

[Event "XXVII Coppa d'Oro"]
[Site "Villa Guardia ITA"]
[Date "2009.11.14"]
[Round "7"]
[White "Ghelfi, Giancarlo"]
[Black "Raineri, Pieroberto"]
[Result "1-0"]
[WhiteElo "1682"]
[BlackElo "1677"]
[PlyCount "33"]
[EventDate "2009.10.09"]

1. e4 c5 2. Nf3 Nc6 3. d4 cxd4 4. Nxd4 g6 5. Nc3 Bg7 6. Be3 d6 7. Qd2 Nxd4 8.
Bxd4 Nf6 9. O-O-O Bd7 10. f3 a5 11. Nd5 O-O 12. Bb6 Qe8 13. Nc7 Qc8 14. Nxa8
Qc6 15. Qxa5 Rc8 16. Nc7 Ne8 17. Bb5 1-0

[Event "XXVII Coppa d'Oro"]
[Site "Villa Guardia ITA"]
[Date "2009.11.14"]
[Round "7"]
[White "Grassetto, Gilberto"]
[Black "Cairoli, Camillo"]
[Result "1/2-1/2"]
[WhiteElo "1881"]
[BlackElo "1955"]
[PlyCount "126"]
[EventDate "2009.10.09"]

1. d4 Nf6 2. c4 e6 3. a3 d5 4. e3 c6 5. Nf3 Nbd7 6. Bd3 Bd6 7. Nbd2 O-O 8. Qc2
h6 9. b3 e5 10. dxe5 Nxe5 11. Nxe5 Bxe5 12. Bb2 Bxb2 13. Qxb2 Re8 14. O-O Be6
15. cxd5 Nxd5 16. Be2 Qe7 17. Rfd1 Rad8 18. Nf3 Bg4 19. Rd2 Nf4 20. Rxd8 Nxe2+
21. Qxe2 Rxd8 22. b4 Qf6 23. Rd1 Kf8 24. Rxd8+ Qxd8 25. h3 Bh5 26. Qd2 Qe7 27.
Nd4 Bg6 28. Qc3 Ke8 29. b5 cxb5 30. Nxb5 f6 31. Nxa7 Bf5 32. Nb5 Bd7 33. Nd4
Qd6 34. Qb3 Bc8 35. Qg8+ Qf8 36. Qxf8+ Kxf8 37. Kf1 Ke7 38. Ke2 Bd7 39. Kd3 Kd6
40. Kc4 g6 41. h4 g5 42. g3 gxh4 43. gxh4 b6 44. f4 h5 45. e4 Bh3 46. Nb5+ Kc6
47. Nc3 Bf1+ 48. Kd4 Kd6 49. e5+ fxe5+ 50. fxe5+ Ke6 51. Na4 b5 52. Nc3 Ke7 53.
Kc5 Ke6 54. Nxb5 Kxe5 55. a4 Kf4 56. a5 Kg4 57. a6 Kxh4 58. a7 Bg2 59. Kb6 Kg3
60. Nd6 Ba8 61. Kc7 h4 62. Kb8 h3 63. Kxa8 h2 1/2-1/2

[Event "XXVII Coppa d'Oro"]
[Site "Villa Guardia ITA"]
[Date "2009.11.14"]
[Round "7"]
[White "Moioli, Ferruccio"]
[Black "Rossi, Silio"]
[Result "0-1"]
[WhiteElo "1599"]
[BlackElo "1583"]
[PlyCount "108"]
[EventDate "2009.10.09"]

1. d4 Nf6 2. Nf3 e6 3. a3 Be7 4. Bf4 Nd5 5. Bg3 Nc6 6. e3 Nf6 7. c4 Nh5 8. Bd3
Nxg3 9. hxg3 h6 10. Nc3 Bf6 11. Rb1 a6 12. d5 Bxc3+ 13. bxc3 Na7 14. Qc2 d6 15.
dxe6 Bxe6 16. Rxb7 Bc8 17. Rb1 Bd7 18. Be4 Nc6 19. Nd4 Nxd4 20. cxd4 c6 21. f4
Qa5+ 22. Kf2 d5 23. cxd5 cxd5 24. Rhe1 Rc8 25. Qd3 dxe4 26. Qxe4+ Be6 27. Rbd1
Qd5 28. Qd3 Qc4 29. Qe4 Qc2+ 30. Qxc2 Rxc2+ 31. Kg1 O-O 32. d5 Bg4 33. Rd4 Rd8
34. e4 Rc3 35. Ra4 Bc8 36. Kh2 Rc5 37. g4 a5 38. f5 Bd7 39. Rd4 f6 40. a4 Re8
41. Re3 Rc2 42. Kg3 Ra2 43. Rc4 Bxa4 44. Rc7 Rd8 45. Rb7 Bd7 46. e5 fxe5 47.
Rxe5 Ra3+ 48. Kh4 Kf8 49. d6 Rd3 50. Rb6 a4 51. g5 hxg5+ 52. Kxg5 Rg3+ 53. Kf4
Rxg2 54. Re3 Rf2+ 0-1

[Event "XXVII Coppa d'Oro"]
[Site "Villa Guardia ITA"]
[Date "2009.11.14"]
[Round "7"]
[White "Pede, Lucio"]
[Black "Larghi, Riccardo"]
[Result "0-1"]
[WhiteElo "1943"]
[BlackElo "1864"]
[PlyCount "68"]
[EventDate "2009.10.09"]

1. e4 c5 2. c3 d5 3. exd5 Qxd5 4. d4 Nf6 5. Nf3 Bg4 6. Be2 e6 7. c4 Qd7 8. Be3
cxd4 9. Nxd4 Bxe2 10. Qxe2 Nc6 11. Nb5 a6 12. N5c3 Be7 13. O-O Nd4 14. Bxd4
Qxd4 15. Rd1 Qf4 16. h3 O-O 17. Nd2 Rac8 18. b3 b5 19. Nxb5 axb5 20. cxb5 Nd5
21. Qf3 Bf6 22. Qxf4 Nxf4 23. a4 Bxa1 24. Rxa1 Ne2+ 25. Kh1 Rfd8 26. b6 Rxd2
27. a5 Nd4 28. a6 Nb5 29. Ra5 Rd5 30. b4 Kf8 31. b7 Rb8 32. Ra1 Na7 33. Rc1 Rb5
34. Rc4 Rb6 0-1

[Event "XXVII Coppa d'Oro"]
[Site "Villa Guardia ITA"]
[Date "2009.11.14"]
[Round "7"]
[White "Zuccoli, Maurizio"]
[Black "Corti, Filippo"]
[Result "0-1"]
[WhiteElo "1856"]
[BlackElo "1708"]
[PlyCount "102"]
[EventDate "2009.10.09"]

1. e4 c6 2. d4 d5 3. Nc3 dxe4 4. Nxe4 Bf5 5. Ng3 Bg6 6. Nf3 Nd7 7. c3 e6 8. Bd3
Bxd3 9. Qxd3 Qc7 10. O-O Ngf6 11. Re1 O-O-O 12. Qc2 Bd6 13. b4 h5 14. Bg5 Bf4
15. Qa4 a6 16. Bh4 Rdg8 17. Ne4 Nxe4 18. Rxe4 Nf6 19. Rxf4 Qxf4 20. Bg3 Qf5 21.
Ne5 h4 22. Nxc6 Nd5 23. Na7+ Kd8 24. Bd6 Nxc3 25. Qa3 Nb5 26. Qa5+ Ke8 27. Nxb5
Qxb5 28. Qc7 Qd7 29. Qc5 Qc6 30. Qe5 h3 31. gxh3 Rh6 32. Re1 Rg6+ 33. Kf1 Qc4+
34. Qe2 Qxe2+ 35. Rxe2 Kd7 36. Bc5 Rh8 37. Rc2 Rc8 38. Re2 b6 39. Bxb6 Rc1+ 40.
Re1 Rxe1+ 41. Kxe1 Rh6 42. a4 Rxh3 43. Ke2 Kc6 44. a5 Kb5 45. Bc5 Rxh2 46. Ke3
Rh5 47. f4 f5 48. Kf3 Rh3+ 49. Ke2 Rb3 50. Bf8 g6 51. Bc5 Rxb4 0-1

[Event "XXVII Coppa d'Oro"]
[Site "Villa Guardia ITA"]
[Date "2009.11.21"]
[Round "8"]
[White "Cairoli, Camillo"]
[Black "Zuccoli, Maurizio"]
[Result "1/2-1/2"]
[WhiteElo "1955"]
[BlackElo "1856"]
[PlyCount "93"]
[EventDate "2009.10.09"]

1. e4 c5 2. Nf3 d6 3. d4 cxd4 4. Nxd4 Nf6 5. Nc3 a6 6. Bg5 e6 7. Bc4 Be7 8. Bb3
Qc7 9. a4 O-O 10. O-O Bd7 11. f3 Nc6 12. Kh1 Rac8 13. Nxc6 Bxc6 14. Rf2 h6 15.
Be3 b6 16. Rd2 Rfd8 17. Qe2 Bb7 18. Rad1 Nd7 19. Qf2 Nc5 20. Ne2 Bf6 21. Bxc5
dxc5 22. c3 Rxd2 23. Rxd2 Rd8 24. Qe3 Rd7 25. Bc2 e5 26. Rxd7 Qxd7 27. Qd3 Qxd3
28. Bxd3 Bc6 29. Bxa6 Bxa4 30. Kg1 Kf8 31. Kf2 Bg5 32. Ke1 Ke7 33. g3 Be3 34.
Bc4 g5 35. g4 Bc6 36. b3 b5 37. Bd3 b4 38. Bc4 f6 39. Kd1 Bd7 40. Kc2 Be8 41.
Kd3 Bf2 42. Nc1 bxc3 43. Kxc3 h5 44. h3 hxg4 45. hxg4 Bc6 46. Nd3 Bd4+ 47. Kc2
1/2-1/2

[Event "XXVII Coppa d'Oro"]
[Site "Villa Guardia ITA"]
[Date "2009.11.21"]
[Round "8"]
[White "Cervini, Gian Piero"]
[Black "Boffi, Luigi"]
[Result "1-0"]
[WhiteElo "1767"]
[BlackElo "1621"]
[PlyCount "43"]
[EventDate "2009.10.09"]

1. e4 g6 2. d4 d6 3. Nc3 Bg7 4. Be2 Nf6 5. Bg5 O-O 6. Qd2 c6 7. f4 Qb6 8. O-O-O
e6 9. Nf3 a5 10. e5 dxe5 11. fxe5 Nd5 12. Ne4 Na6 13. Nf6+ Kh8 14. Bh6 Ne7 15.
h4 Nf5 16. Bxg7+ Kxg7 17. h5 Rh8 18. hxg6 hxg6 19. Rxh8 Kxh8 20. Rh1+ Kg7 21.
Rh7+ Kf8 22. g4 1-0

[Event "XXVII Coppa d'Oro"]
[Site "Villa Guardia ITA"]
[Date "2009.11.21"]
[Round "8"]
[White "Corti, Filippo"]
[Black "Larghi, Riccardo"]
[Result "0-1"]
[WhiteElo "1708"]
[BlackElo "1864"]
[PlyCount "100"]
[EventDate "2009.10.09"]

1. Nf3 c5 2. g3 d5 3. Bg2 Nc6 4. d3 e5 5. O-O Nf6 6. Nbd2 Be7 7. e4 d4 8. Nc4
Qc7 9. a4 O-O 10. Ne1 Be6 11. f4 Nd7 12. f5 Bxc4 13. dxc4 a6 14. Nd3 b5 15.
cxb5 axb5 16. b3 c4 17. bxc4 bxc4 18. Nf2 Nc5 19. Qg4 f6 20. Bh6 Bd6 21. Rfb1
Nxa4 22. Bf1 Kh8 23. Bd2 Nb6 24. h4 Rxa1 25. Rxa1 Nb4 26. Bxb4 Bxb4 27. Qe2 Rd8
28. Rb1 Qc6 29. Kg2 Ra8 30. Qh5 Kg8 31. g4 d3 32. cxd3 cxd3 33. Bxd3 Nc4 34.
Bxc4+ Qxc4 35. g5 Bc5 36. Rd1 Bxf2 37. Kxf2 Qxe4 38. Re1 Qxf5+ 39. Qf3 Ra2+ 40.
Kg3 Qxf3+ 41. Kxf3 Kf7 42. gxf6 gxf6 43. Re4 Ra3+ 44. Kg2 Ke6 45. Rb4 Kf5 46.
Rb2 h5 47. Rb4 e4 48. Kf2 Kf4 49. Rb6 f5 50. Rb5 Rh3 0-1

[Event "XXVII Coppa d'Oro"]
[Site "Villa Guardia ITA"]
[Date "2009.11.21"]
[Round "8"]
[White "Ghelfi, Giancarlo"]
[Black "Colombo, Alberto"]
[Result "1/2-1/2"]
[WhiteElo "1682"]
[BlackElo "2080"]
[PlyCount "61"]
[EventDate "2009.10.09"]

1. e4 e6 2. d4 d5 3. Nc3 Bb4 4. e5 c5 5. a3 Bxc3+ 6. bxc3 Ne7 7. Qg4 Qc7 8.
Qxg7 Rg8 9. Qxh7 cxd4 10. Kd1 Nbc6 11. Nf3 dxc3 12. Ng5 Rf8 13. f4 Bd7 14. Qh3
O-O-O 15. Qxc3 Kb8 16. Rb1 Qa5 17. Qxa5 Nxa5 18. Bd2 Nc4 19. Bb4 Nf5 20. Bxf8
Rxf8 21. Bxc4 dxc4 22. Kd2 Bc6 23. Rhg1 Nd4 24. Nf3 Bxf3 25. gxf3 Nxf3+ 26. Kc3
Nxg1 27. Rxg1 Rh8 28. Rg7 Rxh2 29. Rxf7 Rf2 30. Kxc4 Rxc2+ 31. Kb3 1/2-1/2

[Event "XXVII Coppa d'Oro"]
[Site "Villa Guardia ITA"]
[Date "2009.11.21"]
[Round "8"]
[White "Giaracuni, Claudio"]
[Black "Grassetto, Gilberto"]
[Result "1/2-1/2"]
[WhiteElo "1771"]
[BlackElo "1881"]
[PlyCount "96"]
[EventDate "2009.10.09"]

1. d4 d5 2. Nf3 Nf6 3. Bf4 e6 4. c3 c5 5. e3 Nbd7 6. Bd3 Be7 7. Nbd2 O-O 8. h3
c4 9. Bc2 b5 10. O-O Bb7 11. a3 a5 12. Ne5 Qb6 13. Nxd7 Nxd7 14. e4 dxe4 15.
Bxe4 Bxe4 16. Nxe4 b4 17. axb4 axb4 18. Qe2 Rxa1 19. Rxa1 Rc8 20. Nd2 Qb5 21.
Ra7 Bf8 22. Rc7 Rxc7 23. Bxc7 bxc3 24. bxc3 Qb2 25. Qe3 Qb7 26. Ba5 Qd5 27. Bc7
Qc6 28. Bg3 Nb6 29. Qe5 Nd5 30. Nb1 Qb7 31. Qb8 Qa6 32. Kh2 h6 33. Be5 f6 34.
Bc7 Kf7 35. Qd8 Qc6 36. Bg3 Be7 37. Qb8 Qa4 38. Bd6 Bxd6+ 39. Qxd6 Qc2 40. Qd7+
Ne7 41. Na3 Qxc3 42. Nb5 Qd3 43. Nd6+ Kg6 44. Qe8+ Kh7 45. Qxe7 Qxd4 46. Qxe6
Qf4+ 47. Kg1 Qc1+ 48. Kh2 Qf4+ 1/2-1/2

[Event "XXVII Coppa d'Oro"]
[Site "Villa Guardia ITA"]
[Date "2009.11.21"]
[Round "8"]
[White "Napolitano, Matteo"]
[Black "Lotti, Riccardo"]
[Result "1-0"]
[WhiteElo "1437"]
[BlackElo "1356"]
[PlyCount "103"]
[EventDate "2009.10.09"]

1. e4 d6 2. d4 Nf6 3. f3 g6 4. Be3 Bg7 5. Nc3 O-O 6. Qd2 c5 7. Nge2 Nc6 8. Rd1
cxd4 9. Nxd4 Nxd4 10. Bxd4 e5 11. Bf2 Be6 12. Qxd6 Qxd6 13. Rxd6 Rfd8 14. Rxd8+
Rxd8 15. Bd3 Nh5 16. O-O Nf4 17. Rd1 a6 18. a3 b5 19. Bc5 Bc4 20. Bxc4 Rxd1+
21. Nxd1 bxc4 22. Kf2 Ne6 23. Be3 Bf8 24. g3 h5 25. Kg2 Be7 26. Nc3 Nd4 27. Nd5
Kf8 28. c3 Nc2 29. Bh6+ Ke8 30. Kf2 Bc5+ 31. Be3 Bd6 32. h3 Nxe3 33. Kxe3 Bc5+
34. Ke2 a5 35. a4 g5 36. Nf6+ Ke7 37. Nxh5 Bg1 38. g4 Bh2 39. Kf1 Bf4 40. Nxf4
exf4 41. Ke2 f6 42. Kd1 Kd6 43. Kc2 Ke6 44. b3 Kd6 45. bxc4 Kc5 46. Kd3 Kc6 47.
Kd4 Kd6 48. c5+ Kc6 49. Kc4 Kb7 50. Kb5 Kc7 51. c6 Kd6 52. Kb6 1-0

[Event "XXVII Coppa d'Oro"]
[Site "Villa Guardia ITA"]
[Date "2009.11.21"]
[Round "8"]
[White "Raineri, Pieroberto"]
[Black "Moioli, Ferruccio"]
[Result "1/2-1/2"]
[WhiteElo "1677"]
[BlackElo "1599"]
[PlyCount "53"]
[EventDate "2009.10.09"]

1. e4 g6 2. d4 d6 3. Bc4 c6 4. Ne2 Nf6 5. Nbc3 Bg7 6. Bf4 Nbd7 7. Bb3 O-O 8.
Qd2 b5 9. f3 Bb7 10. Bh6 e5 11. Bxg7 Kxg7 12. O-O-O a5 13. a4 b4 14. Nb1 Ba6
15. Ng3 c5 16. Qg5 exd4 17. Nf5+ Kh8 18. Nxd6 Qe7 19. Nc4 Kg7 20. Nbd2 h6 21.
Qf4 Nh5 22. Qg4 Ndf6 23. Qh4 g5 24. Qf2 Nd7 25. h4 Ne5 26. hxg5 Qxg5 27. Qh4
1/2-1/2

[Event "C.to Sociale Alfieri"]
[Site "Torino ITA"]
[Date "2009.10.10"]
[Round "1"]
[White "Faraoni, Enrico"]
[Black "Finocchiaro, Gianluca"]
[Result "1/2-1/2"]
[WhiteElo "2088"]
[BlackElo "2088"]
[PlyCount "36"]
[EventDate "2009.10.10"]

1. e4 d5 2. exd5 Qxd5 3. Nc3 Qa5 4. Bc4 Nf6 5. d3 Bg4 6. f3 Bd7 7. Bd2 Qh5 8.
Nge2 e5 9. Ng3 Qh4 10. Qe2 Bd6 11. d4 O-O 12. dxe5 Bxe5 13. O-O-O Nc6 14. Be1
Rfe8 15. Nge4 Qh6+ 16. Bd2 Bf4 17. Bxf4 Qxf4+ 18. Qd2 Qxd2+ 1/2-1/2